Buffyverse Character Profile: Riley Quiz Stats

 Plays Quiz not verified by Sporcle

Photobucket
Score 0/25 Timer 04:00
0 Plays Today
Hint Answer % Correct
Full nameRiley Finn
97.5%
College girlfriendBuffy Summers
97%
Manipulated by this Big BadAdam
93.2%
Member of this secret organisationThe Initiative
92.9%
TA for this professorMaggie Walsh
92.6%
Best friend (who dies)Forrest Gates
91%
Accidentally sleeps with this characterFaith Lehane
88.5%
Portrayed by (actor)Marc Blucas
88.2%
Best friend (who lives)Graham Miller
85.8%
First appearance (episode)'The Freshman'
84.9%
CollegeUC Sunnydale
82.5%
Willow tells him that Buffy likes this foodcheese
78.6%
MajorPsychology
77.8%
Hint Answer % Correct
Refers to this character as Mr Billowy Coat King of PainAngel
72.9%
HometownHuxley, Iowa
71.5%
Wife Samantha Finn
71.5%
Fill in the blanks: 'I suddenly find myself needing to know the plural of __________.'apocalypse
64.1%
Dresses like this in Willow's dreamA cowboy
54%
Poster on bedroom doorBalls
52.9%
Frequently uses this adjective to describe Buffypeculiar
48.2%
'Don't worry. If I ____ ___, it'll make the sun go down.'kiss you
42.5%
'Right. What's a little _______ sniffing between sworn enemies?'sweater
40.5%
'We're drawing up a plan for world domination. The key element: ___________ that think.'coffeemakers
29.6%
Returns to Sunnydale tracking this demonSuvolte demon
18.9%
Lives in this houseLowell House
17.8%

You're not logged in!

Compare scores with friends on all Sporcle quizzes.
Join for Free
OR
Log In

You Might Also Like...

Show Comments

Extras

Top Quizzes Today


Score Distribution

Your Account Isn't Verified!

In order to create a playlist on Sporcle, you need to verify the email address you used during registration. Go to your Sporcle Settings to finish the process.

Report this User

Report this user for behavior that violates our Community Guidelines.

Details: